000 00834nam a2200181Ia 4500
001 24663
005 20260414151058.0
008 260414t2011||||xx |||||||||||||| ||spa||
041 _aESP
082 _a345.721
_bL89A
100 _aLorca Navarrete, Antonio María
_eAUT
245 0 _a¿Es posible el amparo constitucional frente al arbitraje? reflexiones sobre la justificación del arbitraje y la aplicación al mismo del garantismo procesal. Relación del derecho constitucional a la tutela judicial efectiva con el arbitraje desde la vertiente de la justificación de las garantías que se aplican tanto a ese derecho constitucional - el denominado derecho a la tutela judicial efectiva como arbitraje
_b
260 _c2011
300 _a119 páginas :
_c20 cm.
650 _aDER
654 _aCDE
942 _cLIB
_dJUS
_fJUS
_2ddc
_n
999 _c24663
_d24663